000 00584nam a2200241Ia 4500
008 210210b2013 xxu||||| |||| 00| 0 eng d
020 _a9781422144138
041 _aeng
082 _a650.1 CLAR
100 _aCLARK (Dorie)
245 _aReinventing you: define your brand, imagine your future
260 _aBoston
_bHarvard Business School Press,
_c2013
300 _axii,226
650 _ayour
650 _ayou:
650 _aReinventing
650 _aimagine
650 _afuture
650 _adefine
650 _abrand,
690 _aBusiness
906 _a068868
999 _c152961
_d152961